| 000 | 02184nam0a2200337 4500 | ||
|---|---|---|---|
| 001 | RU\NLR\bibl\86208 | ||
| 005 | 20260407140224.0 | ||
| 021 |
_aRU _b1998-16308 _9768 |
||
| 035 | _a(NLR Aleph) 000084206 | ||
| 090 |
_a470062 _c470062 |
||
| 100 | _a20000516d1997 |||y0rusy50 ca | ||
| 101 | 0 | _arus | |
| 102 | _aRU | ||
| 105 | _ay ||||||||| | ||
| 200 | 1 |
_aАдминистративная ответственность в области антиалкогольного законодательства _eМетод. рекомендации для сотрудников органов внутр. дел _fБелгород. юрид. ин-т МВД РФ, Упр. внутр. дел администрации Белгород. обл. _g[Мартынов А.Г.] |
|
| 210 |
_aБелгород _cБелгород. юрид. ин-т _d1997 |
||
| 215 |
_a17 с. _d21 |
||
| 606 | 0 |
_aАдминистративная ответственность _jРуководства, пособия и т.п. _yРоссийская Федерация _92078876 _3RU\NLR\auth\661254743 |
|
| 606 | 0 |
_aАдминистративная ответственность _jУчебные издания _yРоссийская Федерация _92078876 _3RU\NLR\auth\661254743 |
|
| 606 | 0 |
_aАлкоголизм _jРуководства, пособия и т.п. _xАдминистративно-правовые меры _yРоссийская Федерация _92177447 _3RU\NLR\auth\661309581 |
|
| 606 | 0 |
_aАлкоголизм _jУчебные издания _xАдминистративно-правовые меры _yРоссийская Федерация _92177447 _3RU\NLR\auth\661309581 |
|
| 686 | _aХ621.033.2я7 | ||
| 686 | _aХ621.163.048я7 | ||
| 702 | 1 |
_4220 _8rus _7ca _aМартынов _bА. Г. _cсотрудник МВД _gАлександр Григорьевич _3RU\NLR\auth\77117047 _999972 |
|
| 712 | 0 | 2 |
_4570 _aБелгородский юридический институт им. И. Д. Путилина _3RU\NLR\AUTH\8810005810 _9509038 |
| 801 | 0 |
_aRU _bNLR _c20000516 _gPSBO |
|
| 801 | 1 |
_aRU _bNLR _c20000516 |
|
| 852 |
_aNLR _j99-4/9582 |
||
| 942 | _cBOOK | ||
| 980 | _aNB | ||